| 000 | 01386cam a2200289 ia4500 | ||
|---|---|---|---|
| 003 | SA-RiAUC | ||
| 005 | 20250130061631.0 | ||
| 008 | 250129q19001999sy g f00010cara c | ||
| 040 |
_aKW-ShULA _bara _cSA-RiAUC _erda |
||
| 082 | 0 | 0 | _a920 |
| 082 | 0 | 4 |
_a920.02 _qSA-RiAUC |
| 090 |
_a920.02 ب د ر _b ب د ر |
||
| 100 | 1 |
_aبدر الدين الغزي، محمد بن محمد بن محمد، _d904-984 هجري _eمؤلف. |
|
| 245 | 1 | 0 |
_aلطف السمر وقطف الثمر من تراجم أعيان الطبقة الأولى من القرن الحادي عشر / _cتأليف نجم الدين محمد بن محمد الغزي الدمشقي ؛ حققه محمود الشيخ. |
| 264 | 1 |
_aدمشق : _bوزارة الثقافة والإرشاد القومي، _c[بين 1900 و1999] |
|
| 300 |
_a2 مجلد ؛ _c24 سم. |
||
| 336 |
_aنص _btxt _2rdacontent _3كتاب |
||
| 337 |
_aبدون وسيط _bn _2rdamedia |
||
| 338 |
_aمجلد _bnc _2rdacarrier |
||
| 490 | 1 |
_aمنشورات وزارة الثقافة والإرشاد القومي (دمشق). _aإحياء التراث العربي |
|
| 650 | 7 |
_aتراجم _2aucsh |
|
| 651 | 7 |
_aالبلاد العربية _yقرن 11 _vتراجم _2aucsh |
|
| 700 | 1 |
_aالشيخ، محمود _eمحقق. |
|
| 830 | 0 | _aإحياء التراث العربي | |
| 942 |
_2ddc _cBOOK _n0 |
||
| 949 |
_aSA-JeALM _d250129 _uosman123 _n1 |
||
| 999 |
_c5430 _d5430 |
||